000 00358nam a22001457a 4500
003 OSt
005 20160727222417.0
008 160625b xxu||||| |||| 00| 0 eng d
040 _cTEST
100 _91171
_aGovernment of India
245 _aMy Poem on Road Safety
260 _aNEW DELHI
_bBRUSH & WOODS
300 _aMy Poem on Road Safety
942 _2ddc
_cBK
999 _c953
_d953